Mystic Teachings of the Haridas of karnatak (Record no. 950061)

MARC details
000 -LEADER
fixed length control field 00335nam a2200121Ia 4500
008 - FIXED-LENGTH DATA ELEMENTS--GENERAL INFORMATION
fixed length control field 151001s9999||||xx |||||||||||||| ||und||
100 ## - MAIN ENTRY--PERSONAL NAME
Personal name A. P. Karmarkrs
245 ## - TITLE STATEMENT
Title Mystic Teachings of the Haridas of karnatak
260 ## - PUBLICATION, DISTRIBUTION, ETC. (IMPRINT)
Name of publisher, distributor, etc Dr.K.S.kamalapul
260 ## - PUBLICATION, DISTRIBUTION, ETC. (IMPRINT)
Date of publication, distribution, etc 1939
300 ## - PHYSICAL DESCRIPTION
Extent 130
365 ## - TRADE PRICE
Price amount 9

No items available.